MARC details
| 000 -CABECERA |
| campo de control de longitud fija |
01528nam a2200301 4500 |
| 003 - IDENTIFICADOR DEL NÚMERO DE CONTROL |
| campo de control |
EC-UNACH |
| 006 - CÓDIGOS DE INFORMACIÓN DE LONGITUD FIJA--CARACTERÍSTICAS DEL MATERIAL ADICIONAL |
| campo de control de longitud fija |
s||||gr|||| 00| 00 |
| 008 - DATOS DE LONGITUD FIJA--INFORMACIÓN GENERAL |
| campo de control de longitud fija |
150116t9999 mx r gr 000 0 spa d |
| 020 ## - NÚMERO INTERNACIONAL ESTÁNDAR DEL LIBRO |
| Número Internacional Estándar del Libro |
987-1142-40-4 |
| 040 ## - FUENTE DE LA CATALOGACIÓN |
| Centro catalogador/agencia de origen |
EC-UNACH |
| Centro/agencia transcriptor |
EC-UNACH |
| 041 ## - CÓDIGO DE LENGUA |
| Código de lengua del texto/banda sonora o título independiente |
spa |
| 082 04 - NÚMERO DE LA CLASIFICACIÓN DECIMAL DEWEY |
| Número de edición |
23 |
| Número de clasificación |
155.4 |
| Número de documento/Ítem |
L017420 |
| 100 ## - ENTRADA PRINCIPAL--NOMBRE DE PERSONA |
| Nombre de persona |
Rosales, Gladys |
| 245 ## - MENCIÓN DE TÍTULO |
| Título |
El niño de 2 a 7 años |
| Resto del título |
Y la representación tridimensional de los objetos que habitan su entorno ecológico |
| 250 ## - MENCIÓN DE EDICIÓN |
| Mención de edición |
Primera Edición |
| Resto de la mención de edición |
Primera reimpresión |
| 264 ## - Producción, publicación, distribución, fabricación y copyright |
| Lugar de producción, publicación, distribución, fabricación |
Córdoba |
| Nombre del de productor, editor, distribuidor, fabricante |
Editorial Brujas |
| Fecha de de producción, publicación, distribución, fabricación o copyright |
2008 |
| 300 ## - DESCRIPCIÓN FÍSICA |
| Extensión |
112 p. |
| Otras características físicas |
Ilustraciones |
| Dimensiones |
23 cm. |
| 500 ## - NOTA GENERAL |
| Nota general |
La palabra para decir cuando sabe lo que dice, es signo es símbolo y en este lugar la palabra quiere poner en evidencia todo lo trabajado con niños, todo lo releído, todo lo re elaborado, todo lo recreado |
| 501 ## - NOTA DE "CON" |
| Nota de “Con” |
El juego del niño posibilite la solución creativa de los diferentes problemas, conduzcan a la formación de la personalidad integral |
| 504 ## - NOTA DE BIBLIOGRAFÍA, ETC. |
| Bibliografía, etc. |
Bibliografía |
| 505 ## - NOTA DE CONTENIDO CON FORMATO |
| Nota de contenido con formato |
Exordio.- Introducción.- Hipótesis.- La dialéctica sujeto-objeto y su representación.- El dominio del espacio.- Creación y expresión de la forma.- El modelado.- En el principio.- El modelado del niño de 2 a 6/7 años.- La talla.- La construcción.- Contenido temático.- Conclusiones.- |
| 650 ## - PUNTO DE ACCESO ADICIONAL DE MATERIA--TÉRMINO DE MATERIA |
| Término de materia o nombre geográfico como elemento inicial |
PSICOLOGIA INFANTIL |
| 650 ## - PUNTO DE ACCESO ADICIONAL DE MATERIA--TÉRMINO DE MATERIA |
| Término de materia o nombre geográfico como elemento inicial |
EXPRESIVIDAD INTEGRAL |
| 942 ## - ELEMENTOS DE PUNTO DE ACCESO ADICIONAL (KOHA) |
| Fuente del sistema de clasificación o colocación |
Clasificación Decimal Dewey |
| Tipo de ítem Koha |
Libros |
| 999 ## - NÚMEROS DE CONTROL DE SISTEMA (KOHA) |
| Koha biblionumber |
14403 |